Business & law (Record no. 4325)

MARC details
000 -BAŞLIK
Sabit Uzunlukta Kontrol Alanı 00714na a2200265 4500
001 - KONTROL NUMARASI
Denetim Alanı 17562
003 - KONTROL NUMARASI IDENTIFIER
Denetim Alanı MIRAKIL
005 - SON İŞLEM TARİHİ VE ZAMANI
Denetim Alanı 20181213155002.0
008 - SABİT-BOY VERİ ELEMANLARI - GENEL BİLGİLER
Sabit Uzunlukta Kontrol Alanı 161029b tu 000 0
020 ## - ULUSLARARASI STANDART KİTAP NUMARASI
Uluslararası Standart Kitap Numarası 9788799138548
035 ## - SİSTEM KONTROL NUMARASI
Sistem Kontrol Numarası 17562
040 ## - KATALOGLAMA KAYNAK
Orijinal Kataloglama Ajansı Milas
Kataloglama Dili tur
Metne Dönüştürmek Ajansı TR-AnCHP
041 ## - DİL KODU
Metin / Ses Parça Veya Ayrı Başlığın Dil Kodu eng
082 ## - DEWEY ONLU SINIFLANDIRMA NUMARASI
Sınıflandırma Numarası 344.01
Ürün Numarası B87 2008
090 ## - SINIFLAMA NUMARASI
Sınıflama Numarası 344.01 B87 2008
245 ## - BAŞLIK TABLOSU
Başlık Business & law
Başlığın Kalan theory and practice
Sorumluluk Tablosu, Vb Editör Sylvia Mercado Kierkegaard
246 ## - UNVAN FORM VARYING
Başlık Doğru / Kısa Başlığı theory and practice
246 ## - UNVAN FORM VARYING
Başlık Doğru / Kısa Başlığı Business law
260 ## - YAYIN, DAĞITIM, VB
Yayın, Dağıtım, Vb Yeri Ankara
Yayıncı, Dağıtıcı, Vs Adı Ankara Barosu
Yayın, Dağıtım, Vb Tarihi 2008
300 ## - FİZİKSEL TANIM
Kapsam xii, 568 s.
Diğer Fiziksel Ayrıntıları tbl.
Boyutlar 24 sm.
504 ## - KAYNAKÇA VB NOT
Kaynakça Vb Notu Kaynakça var.
650 ## - KONU KATMA GİRİŞ - TOPİKAL DÖNEM
Topikal Süreli Veya Coğrafi Ad Giriş Elemanı İş hukuku
700 ## - KATMA GİRİŞ - KİŞİSEL İSİM
Kişisel Ad Kierkegaard, Sylvia Mercado
942 ## - EKLENDİ GİRİŞ ELEMANLARI (KOHA)
Sınıflandırma Veya Raf Düzeni Kaynak Dewey Decimal Classification
Koha Öğesi Türü Books
999 ## - SİSTEM KONTROL NUMARALARI (KOHA)
Koha Biblionumber 4325
Koha Biblioitemnumber 4325
Holdings
Kalıcı Konum Mevcut Konum Edinme Tarihi Edinim Kaynak Toplam Check-Out'Lar Tam Çağrı Numarası Barkod Tarih Son Görülme İtibaren Geçerli Fiyatlar Koha Öğesi Türü
CHP Kütüphanesi CHP Kütüphanesi 10/29/2016 Bağış   344.01 B87 2008 008195 10/29/2016 10/29/2016 Books